Georgia County Seats - Statistics

General Stats
  • This quiz has been taken 9 times
    8 since last reset
  • The average score is 104 of 159
Answer Stats
County County Seat % Correct
Fulton Atlanta
100%
Richmond Augusta
100%
Glynn Brunswick
100%
Muscogee Columbus
100%
Lumpkin Dahlonega
100%
Bibb Macon
100%
Chatham Savannah
100%
Lowndes Valdosta
100%
Dougherty Albany
83%
Clarke Athens
83%
Pierce Blackshear
83%
Union Blairsville
83%
Fannin Blue Ridge
83%
Cherokee Canton
83%
Rabun Clayton
83%
Rockdale Conyers
83%
Newton Covington
83%
Forsyth Cumming
83%
Paulding Dallas
83%
McIntosh Darien
83%
Terrell Dawson
83%
Dawson Dawsonville
83%
Coffee Douglas
83%
Liberty Hinesville
83%
Jackson Jefferson
83%
Gwinnett Lawrenceville
83%
Morgan Madison
83%
Cobb Marietta
83%
Henry McDonough
83%
Baldwin Milledgeville
83%
Walton Monroe
83%
Floyd Rome
83%
Bulloch Statesboro
83%
Emanuel Swainsboro
83%
Thomas Thomasville
83%
Tift Tifton
83%
Dade Trenton
83%
Ware Waycross
83%
Barrow Winder
83%
Cook Adel
67%
Sumter Americus
67%
Columbia Appling
67%
Decatur Bainbridge
67%
Lamar Barnesville
67%
Appling Baxley
67%
Haralson Buchanan
67%
Grady Cairo
67%
Gordon Calhoun
67%
Franklin Carnesville
67%
Carroll Carrollton
67%
Bartow Cartersville
67%
Polk Cedartown
67%
Murray Chatsworth
67%
Habersham Clarkesville
67%
White Cleveland
67%
Bleckley Cochran
67%
Crisp Cordele
67%
Taliaferro Crawfordville
67%
Whitfield Dalton
67%
DeKalb Decatur
67%
Douglas Douglasville
67%
Laurens Dublin
67%
Putnam Eatonton
67%
Elbert Elberton
67%
Gilmer Ellijay
67%
Charlton Folkston
67%
Monroe Forsyth
67%
Peach Fort Valley
67%
Heard Franklin
67%
Hall Gainesville
67%
Jones Gray
67%
Greene Greensboro
67%
Spalding Griffin
67%
Hart Hartwell
67%
Jeff Davis Hazlehurst
67%
Banks Homer
67%
Clinch Homerville
67%
Butts Jackson
67%
Pickens Jasper
67%
Wayne Jesup
67%
Troup LaGrange
67%
Lee Leesburg
67%
Candler Metter
67%
Jenkins Millen
67%
Colquitt Moultrie
67%
Berrien Nashville
67%
Coweta Newnan
67%
Bryan Pembroke
67%
Houston Perry
67%
Brooks Quitman
67%
Catoosa Ringgold
67%
Washington Sandersville
67%
Hancock Sparta
67%
Chattooga Summerville
67%
Worth Sylvester
67%
McDuffie Thomson
67%
Stephens Toccoa
67%
Burke Waynesboro
67%
Camden Woodbine
67%
Johnson Wrightsville
67%
Wilcox Abbeville
50%
Wheeler Alamo
50%
Bacon Alma
50%
Turner Ashburn
50%
Early Blakely
50%
Marion Buena Vista
50%
Taylor Butler
50%
Mitchell Camilla
50%
Evans Claxton
50%
Miller Colquitt
50%
Chattahoochee Cusseta
50%
Madison Danielsville
50%
Seminole Donalsonville
50%
Dodge Eastman
50%
Schley Ellaville
50%
Fayette Fayetteville
50%
Ben Hill Fitzgerald
50%
Clay Fort Gaines
50%
Quitman Georgetown
50%
Glascock Gibson
50%
Meriwether Greenville
50%
Harris Hamilton
50%
Pulaski Hawkinsville
50%
Towns Hiawassee
50%
Wilkinson Irwinton
50%
Twiggs Jeffersonville
50%
Clayton Jonesboro
50%
Crawford Knoxville
50%
Walker LaFayette
50%
Lanier Lakeland
50%
Oglethorpe Lexington
50%
Lincoln Lincolnton
50%
Jefferson Louisville
50%
Long Ludowici
50%
Stewart Lumpkin
50%
Toombs Lyons
50%
Telfair McRae-Helena
50%
Jasper Monticello
50%
Calhoun Morgan
50%
Montgomery Mount Vernon
50%
Brantley Nahunta
50%
Baker Newton
50%
Irwin Ocilla
50%
Macon Oglethorpe
50%
Atkinson Pearson
50%
Webster Preston
50%
Tattnall Reidsville
50%
Treutlen Soperton
50%
Effingham Springfield
50%
Echols Statenville
50%
Screven Sylvania
50%
Talbot Talbotton
50%
Upson Thomaston
50%
Dooly Vienna
50%
Warren Warrenton
50%
Wilkes Washington
50%
Oconee Watkinsville
50%
Pike Zebulon
50%
Randolph Cuthburt
17%
No matching quizzes found
Score Distribution
Percent of People with Each Score
Percentile by Number Answered
Your Score History
You have not taken this quiz since the last reset